| 000 | 00941cab a2200253 4500 | ||
|---|---|---|---|
| 001 | ABS55114 | ||
| 008 | 090401t1996 xxu||||| |||| 00| 0 eng d | ||
| 035 | _a(Sirsi) u14309 | ||
| 041 | _aeng | ||
| 245 | _aFireworks | ||
| 260 | _c1996 | ||
| 350 | _a0 | ||
| 490 |
_aBuilding _v161(21) 24 May 1996, 40-65(22) |
||
| 520 | _aDetails of the Windsor Castle restoration project following the fire in the north-east wing in November 1992. Outlines various stages of the restoration process, describes the project management, and reports on the remodelling of four major state rooms. Additionally looks at the implementation of fire precaution measures being taken at the castle. | ||
| 650 | _aFIRE PRECAUTIONS | ||
| 650 | _aFIRE | ||
| 650 | _aHISTORIC BUILDINGS | ||
| 650 | _aRECONSTRUCTION | ||
| 650 | _aRESTORATION | ||
| 650 | _aWINDSOR CASTLE | ||
| 690 | _aBUILDING AND CONSTRUCTION-PROJECTS | ||
| 942 | _n0 | ||
| 948 | _c04/03/1997 | ||
| 999 |
_c9304 _d9304 |
||